Energy requirements for air pollution abatement equipment in Texas /

Bibliographic Details
Main Author: Spaw, Stephen N.
Corporate Author: University of Texas at Austin. Center for Energy Studies
Other Authors: Ledbetter, Joe O.
Format: Book
Language:English
Published: [Austin] : Center for Energy Studies, University of Texas at Austin, 1978.
Series:Environmental study (University of Texas at Austin. Center for Energy Studies) ; no. 6.
Subjects:

MARC

Tag First Indicator Second Indicator Subfields
LEADER 00000cam a2200000 a 4500
001 in00000073825
005 20151008054720.0
008 790613s1978 txua b s00010 eng d
035 |a (OCoLC)05063266 
035 |9 AAJ1477AM 
040 |a IKM  |c IKM  |d OCL  |d TXA  |d UtOrBLW 
043 |a n-us-tx 
049 |a TXAM  |c [387514] 
090 |a TD883.5.T4  |b S65 1978 
100 1 |a Spaw, Stephen N. 
245 1 0 |a Energy requirements for air pollution abatement equipment in Texas /  |c by Stephen N. Spaw and Joe O. Ledbetter. 
264 1 |a [Austin] :  |b Center for Energy Studies, University of Texas at Austin,  |c 1978. 
300 |a xiii, 184 pages :  |b illustrations ;  |c 28 cm. 
336 |a text  |b txt  |2 rdacontent 
337 |a unmediated  |b n  |2 rdamedia 
338 |a volume  |b nc  |2 rdacarrier 
490 1 |a Environmental study ;  |v no. 6 
500 |a Revision of thesis (M.A.)--University of Texas at Austin, l977. 
504 |a Bibliography: pages 179-184. 
650 0 |a Air  |x Pollution  |z Texas. 
650 0 |a Air  |x Pollution  |x Economic aspects  |z Texas. 
650 0 |a Air quality management  |x Energy consumption  |z Texas. 
700 1 |a Ledbetter, Joe O. 
710 2 |a University of Texas at Austin.  |b Center for Energy Studies. 
830 0 |a Environmental study (University of Texas at Austin. Center for Energy Studies) ;  |v no. 6. 
999 |a MARS 
999 f f |s 4ea0d38d-4796-3cae-9ebd-176646073a17  |i 01fc9589-7877-3074-a215-2c0bbc224f5a  |t 0 
952 f f |p ric  |a Texas A&M University  |b Rellis Campus  |c Joint Library Facility  |d Remote Storage  |t 0  |e TD883.5.T4 S65 1978  |h Library of Congress classification  |i unmediated -- volume  |m A14806245639 
998 f f |a TD883.5.T4 S65 1978  |t 0  |l Remote Storage